| Tag |
First Indicator |
Second Indicator |
Subfields |
| LEADER |
00000cam a2200000 4500 |
| 001 |
in00000048170 |
| 005 |
20151007065556.0 |
| 008 |
740729s1950 cau b 00000 eng u |
| 010 |
|
|
|a 50008639
|
| 035 |
|
|
|a (OCoLC)00966418
|
| 035 |
|
|
|9 AAE2265AM
|
| 040 |
|
|
|c WPG
|d TXA
|d UtOrBLW
|
| 049 |
|
|
|a TXAM
|c 1 [456125]
|
| 050 |
|
0 |
|a QD95
|b .H32
|
| 092 |
|
|
|a 544.6
|b H341s
|
| 100 |
1 |
|
|a Harvey, Charles Eugene,
|d 1908-
|
| 245 |
1 |
0 |
|a Spectrochemical procedures.
|
| 264 |
|
1 |
|a Glendale, Calif. :
|b Applied Research Laboratories,
|c [1950]
|
| 300 |
|
|
|a x, 402p :
|b illustrations . ;
|c 24cm.
|
| 336 |
|
|
|a text
|b txt
|2 rdacontent
|
| 337 |
|
|
|a unmediated
|b n
|2 rdamedia
|
| 338 |
|
|
|a volume
|b nc
|2 rdacarrier
|
| 500 |
|
|
|a Biographical footnotes.
|
| 650 |
|
0 |
|a Spectrum analysis.
|
| 999 |
|
|
|a MARS
|
| 999 |
f |
f |
|s ae05a112-b3ef-3238-ad32-26ef2f83b89e
|i 44225f03-d267-3974-8ab6-8885cd238e9d
|t 0
|
| 952 |
f |
f |
|p ric
|a Texas A&M University
|b Rellis Campus
|c Joint Library Facility
|d Remote Storage
|t 0
|e QD95 .H32
|h Library of Congress classification
|i unmediated -- volume
|m A14800940281
|
| 998 |
f |
f |
|a QD95 .H32
|t 0
|l Remote Storage
|